00361 2200157 4500001002100000005001500021035002000036245003300056100001100089300001200100260003500112082000800147084001400155020002200169990001200191INLIS00000000000176020250505030530 a0010-05250000521 aSahabat Baru Naira /cRistee0 aRistee a240 hlm aJakarta :bPT. Gramedia,c2013 a813 a813 RIS s a978-979-22-9827-7 a0754607